[Event "1st Chinese Celebrity"]
[Site "Shenzhen CHN"]
[Date "2011.06.12"]
[Round "2"]
[White "Yu Yangyi"]
[Black "Zhou Jianchao"]
[Result "1/2-1/2"]
[WhiteElo "2646"]
[BlackElo "2636"]
[EventDate "2011.06.12"]

1. e4 c5 2. Nf3 d6 3. d4 cxd4 4. Nxd4 Nf6 5. Nc3 a6 6. Be3 e5 7. Nb3 Be7 8.
Qd2 Ng4 9. Nd5 Nxe3 10. Qxe3 Nd7 11. a4 Bg5 12. Qg3 O-O 13. Bc4 Bh6 14. O-O
Nb6 15. Nxb6 Qxb6 16. Qd3 Be6 17. Bd5 Rac8 18. c3 Bxd5 19. Qxd5 Qc6 20.
Rfd1 Rfd8 21. Na5 Qxd5 22. Rxd5 Rd7 23. Rad1 b6 24. Nb3 f6 25. Rxd6 Rxd6
26. Rxd6 Rc4 27. Kf1 Rxe4 28. a5 bxa5 29. Rxa6 Rc4 30. Rxa5 Rc8 31. Nc5 Rd8
32. Ra1 Rd2 33. b4 Rc2 34. b5 Rxc3 35. b6 Rxc5 36. b7 Rb5 37. Ra8+ Kf7 38.
b8=Q Rxb8 39. Rxb8 f5 40. f3 Be3 41. Ke2 Bg1 42. h3 h5 43. Kd3 h4 44. Kc4
e4 45. Rb1 Bf2 46. Rb2 e3 47. Kd5 Kf6 48. f4 Bg3 49. Rb6+ Kf7 50. Rb7+ Kg6
51. Rb6+ Kh5 52. Re6 Bxf4 53. Kd4 g5 54. Kd3 g4 55. Ke2 Bg5 56. Re8 Kg6
1/2-1/2

[Event "1st Chinese Celebrity"]
[Site "Shenzhen CHN"]
[Date "2011.06.12"]
[Round "3"]
[White "Zhou Jianchao"]
[Black "Ding Liren"]
[Result "1-0"]
[WhiteElo "2636"]
[BlackElo "2664"]
[EventDate "2011.06.12"]

1. d4 Nf6 2. c4 e6 3. Nc3 Bb4 4. Qc2 O-O 5. a3 Bxc3+ 6. Qxc3 d5 7. e3 b6 8.
cxd5 Qxd5 9. f3 Ba6 10. e4 Qb7 11. Bxa6 Qxa6 12. Be3 Nbd7 13. Qc6 Rac8 14.
Rc1 Nb8 15. Qc4 c5 16. dxc5 Qxc4 17. Rxc4 Nbd7 18. b4 bxc5 19. bxc5 Ne5 20.
Rc3 Rb8 21. Nh3 Rb1+ 22. Bc1 Nc6 23. Nf4 Rd8 24. O-O Kf8 25. Be3 Rb2 26.
Nd3 Rb5 27. Kf2 a5 28. Ke2 Ne8 29. Rd1 Ke7 30. Rd2 e5 31. Nc1 Rxd2+ 32.
Kxd2 Rb2+ 33. Rc2 Rb8 34. Nd3 Rb3 35. Rc3 Rb1 36. Rc1 Rb3 37. Rc3 Rb1 38.
Kc2 Rh1 39. h3 Nc7 40. Rb3 Rh2 41. Ne1 Rh1 42. Kd2 a4 43. Rb7 Kd7 44. Ke2
Na5 45. Rb4 Kc6 46. Rxa4 Nb3 47. Kf2 Nxc5 48. Rc4 N7e6 49. Nd3 Kb5 50. Rb4+
Kc6 51. Nxc5 1-0

[Event "1st Chinese Celebrity"]
[Site "Shenzhen CHN"]
[Date "2011.06.13"]
[Round "5"]
[White "Li Chao2"]
[Black "Yu Yangyi"]
[Result "0-1"]
[WhiteElo "2656"]
[BlackElo "2646"]
[EventDate "2011.06.12"]

1. e4 c5 2. Nf3 e6 3. d4 cxd4 4. Nxd4 a6 5. Bd3 Qb6 6. Nb3 Qc7 7. O-O Nf6
8. Nc3 d6 9. f4 Nbd7 10. Qe2 b5 11. Bd2 Bb7 12. Rae1 Be7 13. Kh1 h5 14. Nd4
h4 15. b4 Qb6 16. Nf3 Nh5 17. Qe3 Qxe3 18. Bxe3 Rc8 19. Nd1 Ndf6 20. Nf2 h3
21. g4 d5 22. Ng5 dxe4 23. Ngxe4 Nxg4 24. Nxg4 f5 25. Ngf2 Nf6 26. Bd4 fxe4
27. Nxe4 Bxb4 28. Re3 Bc3 29. Bxc3 Rxc3 30. Rff3 Nxe4 31. Bxe4 Rxe3 32.
Rxe3 Bxe4+ 33. Rxe4 Kf7 34. Re3 Rh4 35. Rf3 Kf6 36. Kg1 Kf5 37. Ra3 Rg4+
38. Kf2 Rg2+ 39. Kf3 Rxh2 40. Kg3 Rxc2 41. Kxh3 Kxf4 42. Rxa6 g5 0-1

[Event "1st Chinese Celebrity"]
[Site "Shenzhen CHN"]
[Date "2011.06.13"]
[Round "5"]
[White "Zhou Jianchao"]
[Black "Bu Xiangzhi"]
[Result "1-0"]
[WhiteElo "2636"]
[BlackElo "2662"]
[EventDate "2011.06.12"]

1. d4 Nf6 2. c4 e6 3. Nc3 Bb4 4. Qc2 d5 5. cxd5 exd5 6. Bg5 h6 7. Bh4 O-O
8. a3 Bxc3+ 9. Qxc3 c6 10. f3 Re8 11. Bf2 b6 12. e3 c5 13. Bb5 Bd7 14. Bxd7
Nbxd7 15. Ne2 Rc8 16. O-O Qe7 17. Qd2 Nf8 18. Nc3 Red8 19. Rad1 Ne6 20.
Rfe1 Rd7 21. Bh4 g5 22. Bf2 Rcd8 23. Qc2 cxd4 24. exd4 Nh5 25. g3 Nhg7 26.
Qd3 f6 27. Re2 Qf7 28. Rde1 Nc7 29. g4 Nce6 30. Bg3 Nf8 31. f4 gxf4 32.
Bxf4 h5 33. Rg2 Nfe6 34. Rf1 hxg4 35. Rxg4 Qh5 36. Rg2 Re7 37. Bd2 Qh4 38.
Ne2 Rde8 39. Qf3 Nxd4 40. Qxd5+ Nde6 41. Nf4 Rd8 42. Qb3 Kh7 43. Ng6 Nd4
44. Qd1 Ne2+ 45. Kh1 Ng3+ 46. Rxg3 Qe4+ 47. Qf3 Qxf3+ 48. Rfxf3 Re2 49. Be3
Nh5 50. Rg1 Rg8 51. Rh3 Rxg6 52. Rxh5+ Kg7 53. Bd4 Rxg1+ 54. Kxg1 Kg6 55.
Rh3 1-0